000 00880nam a2200205 u 4500
001 000409988
003 AM-YeHGA
005 20250617132730.0
008 050216s1989 ||||||||||||||||||||rus|d
040 _aAM-YeHGA
041 0 _arus
245 0 0 _aКомсомол и перестройка: теория и опыт (на материалах ВЛКСМ и ДКСМ) :
_bСборник статей /
_cВКШ при ЦК ВЛКСМ ; Отв. ред. В.А. Луков, Т.С. Мочульская.
260 _aМосква :
_bИзд-во ВКШ при ЦК ВЛКСМ,
_c1989.
300 _a192 с.
650 1 4 _aМолодежные организации
700 1 _aЛуков, В.А.
_eред.
_4edt
700 1 _aМочульская, Т.С.
_eред.
_4edt
710 2 _aВысшая комсомольская школа при ЦК ВЛКСМ
090 _c157380
999 _c155981
_d155981